000 01067nam a2200217 a 4500
001 001009414
003 AM-YeHGA
005 20250617162103.0
008 140325s1959 kz r 000 0 rus d
040 _aAM-YeHGA
041 0 _arus
245 0 0 _aКарагандинский экономический административный район :
_bБиблиографический указатель литературы /
_cСост. Э.И. Иванчикова, М.Т. Колесникова и др.; АН КазССР Центр. науч. б-ка.
260 _aАлма-Ата :
_bИзд-во АН КазССР,
_c1959.
300 _a459 с. ;
_c22 см.
546 _aПарал. тит. л. и обл. параллельно на рус. и каз. яз.
650 1 4 _aОтраслевые библиографии
700 1 _aИванчикова, Э.И.
_eсост.
_4com
700 1 _aКолесникова, М.Т.
_eсост.
_4com
710 2 _aЦентральная научная библиотека АН КазССР
090 _c486102
999 _c482751
_d482751